| 000 | 01417nam a2200241Ii 4500 | ||
|---|---|---|---|
| 003 | JO-AjNU | ||
| 005 | 20240623124118.0 | ||
| 008 | 230605s9999||||xx |||||||||||||| ||und|| | ||
| 040 |
_aJO-AjNU _bara _erda _cJO-AjNU |
||
| 041 | _aara | ||
| 100 |
_aالبزور، احمد عقاب _964714 _eمعد |
||
| 245 |
_aتنبؤ إفلاس الشركات في الأزمات (دراسة ميدانية لفاعلية تقارير المدققين ونموذجي آلتمان وكيدا للشركات المساهمة الأردنية خلال الأزمة المالية العالية) = Predicting Bankruptcy of Companies in Crisis (a Field study of the Effectiveeness of Auditors Reports and the Models of the Altman and Kida in Jordanian Corporation During the Global Financial Crisis) _c / اعداد احمد عقاب البزور؛ اشراف تركي راجي الحمود وعلي درويش |
||
| 260 | _c2015 | ||
| 300 | _a403 ورقه | ||
| 336 |
_atext _btxt _2rdacontent |
||
| 337 |
_aunmediated _bn _2rdamedia |
||
| 338 |
_avolume _bnc _2rdacarrier |
||
| 500 | _aرساله جامعية (دكتوراه) - جامعة الجنان، 2015 تحتوي الرساله على جداول توضيحيه | ||
| 650 | _vالشركات-محاسبة-إفلاس-الأردن | ||
| 700 |
_aتركي راجي الحمود _964758 _eمشرف |
||
| 700 |
_aعلي درويش _964846 _eمشرف مشارك |
||
| 942 |
_2lcc _cTHS |
||
| 999 |
_c32986 _d32986 |
||